Ανθρωπολογικές και κοινωνιολογικές προσεγγίσεις της υγείας
Αποθηκεύτηκε σε:
| Άλλοι συγγραφείς: | , |
|---|---|
| Μορφή: | Βιβλίο |
| Γλώσσα: | Greek |
| Δημοσίευση: |
Αθήνα :
Σιδέρης,
2012
|
| Θέματα: | |
| Ετικέτες: |
Προσθήκη ετικέτας
Δεν υπάρχουν, Καταχωρήστε ετικέτα πρώτοι!
|
MARC
| LEADER | 00000nam a2200000 i 4500 | ||
|---|---|---|---|
| 001 | 1/48013 | ||
| 008 | 140523s2012 gre d | ||
| 020 | |a 978-960-08-0588-8 | ||
| 035 | |l 10117756 | ||
| 040 | |a GR-MY-UA |b gre |e aacr | ||
| 041 | 0 | |a gre | |
| 082 | 0 | |a 306.461 |2 (23) | |
| 245 | 1 | 0 | |a Ανθρωπολογικές και κοινωνιολογικές προσεγγίσεις της υγείας / |c Χαράλαμπος Οικονόμου - Μάνος Σπυριδάκης, επιστημονική επιμέλεια |
| 260 | |a Αθήνα : |b Σιδέρης, |c 2012 | ||
| 300 | |a 536 σ.; |c 24 εκ. | ||
| 504 | |a Περιέχει βιβλιογραφικές παραπομπές | ||
| 650 | 0 | 0 | |a Public health |x Anthropological aspects. |
| 650 | 0 | 0 | |a Social medicine. |
| 650 | 0 | 0 | |a Medical anthropology. |
| 700 | 1 | |a Οικονόμου, Χαράλαμπος Ι. |4 edt | |
| 700 | 1 | |a Σπυριδάκης, Μάνος Σ. |4 edt | |
| 852 | |a INST |b LESVOS |e 20210707 |h 306.461 ΑΝΘ |p 005100063155 |q 005100063155 |t BK |y 0 | ||
| 852 | |a INST |b LESVOS |c EUDOXUS |e 20140523 |h 306.461 ΑΝΘ |p 005100054301 |q 005100054301 |t EDX |y 0 | ||
| 852 | |a INST |b LESVOS |c EUDOXUS |e 20140523 |h 306.461 ΑΝΘ |p 005100054302 |q 005100054302 |t EDX |y 4 |x 20191211 | ||
| 852 | |a INST |b LESVOS |c EUDOXUS |e 20150105 |h 306.461 ΑΝΘ |p 005100056412 |q 005100056412 |t EDX |y 0 | ||
| 852 | |a INST |b LESVOS |c EUDOXUS |e 20150105 |h 306.461 ΑΝΘ |p 005100056413 |q 005100056413 |t EDX |y 12 | ||
| 901 | |a BIBL1-2014-2 | ||
| 901 | |a BIBL1-2015-1 | ||
| 909 | |a Λ |b 189076 | ||
| 909 | |a Λ |b 189077 | ||
| 909 | |a Λ |b 191370 | ||
| 909 | |a Λ |b 191369 | ||
| 920 | |a ΕΥΔΟΞΟΣ |b ΠΑΡΑΓΓΕΛΙΑ |y ΛΕΣΒΟΣ-ΤΚ |z 2014-04 | ||
| 920 | |a ΕΥΔΟΞΟΣ |b ΠΑΡΑΓΓΕΛΙΑ |y ΛΕΣΒΟΣ-ΤΚ |z 2014-11 | ||
| 970 | |a ΤΖΑΦΕΡΗ |b ΕΥΑΓΓΕΛΙΑ |z 2014/05/23 | ||